000 00379 a2200121 4500
005 20250628165135.0
082 _a658.3'0097 CRO.
100 _aCROCKER, L.O.
245 _aExperientials Exercises In Canadian Personnel Administration,
260 _aOttawa,
_bCanadian Cataloguing And Publication Data'
_c1986.
300 _aix.; 527.; Ill.; picture,
_bIndex,
_c27cm.
942 _2ddc
_cBKS
999 _c6125
_d6125